| 000 | 00594nam a22001937a 4500 | ||
|---|---|---|---|
| 005 | 20140320123403.0 | ||
| 010 | _aENG-109338 | ||
| 020 |
_a9788172736392 _c450.00 |
||
| 035 | _aEN-92871 | ||
| 037 | _bDBAD/PUB | ||
| 082 | _a378.242 | ||
| 100 | _aSonaje, Nitin P. | ||
| 245 |
_aRole of ICT in doctoral research / _cby Nitin P. Sonaje |
||
| 260 |
_a Delhi _bAuthorspress _c2013 |
||
| 270 |
_aE-35/103, Jawahar Park Laxmi Nagar _bDelhi _e110092 |
||
| 300 |
_ax,162p. _c22cm(Hb) |
||
| 500 | _aIncludes bibliographical references and index | ||
| 942 |
_2ddc _cEN _mSON _h378.242 |
||
| 999 |
_c82599 _d82599 |
||